| 000 | 00311nam a22001217a 4500 | ||
|---|---|---|---|
| 020 | _a0201703319 | ||
| 082 |
_222 _a005.7585 |
||
| 100 | _aMamjian, Bruuce. | ||
| 245 |
_aPostgteSQl : _bintroduction and concepts / |
||
| 260 |
_aUSA, _bAddison Wesley, _cc2001. |
||
| 300 |
_axxviii, 462 p. ; _bill. ; |
||
| 942 |
_2ddc _cIT |
||
| 999 |
_c4336 _d4336 |
||